El libro de los derechos humanos: (Registro nro. 9975)
[ vista simple ]
| 000 -LEADER | |
|---|---|
| fixed length control field | 00785nam a2200193Ia 4500 |
| 005 - FECHA Y HORA DE LA ÚLTIMA TRANSACCIÓN | |
| control field | 20231029090044.0 |
| 008 - FIXED-LENGTH DATA ELEMENTS--GENERAL INFORMATION | |
| fixed length control field | 231028s9999 xx 000 0 und d |
| 020 ## - INTERNATIONAL STANDARD BOOK NUMBER | |
| International Standard Book Number | 978-99961-2-181-4 |
| 040 ## - CATALOGING SOURCE | |
| Original cataloging agency | UPAN |
| Transcribing agency | Biblioteca San Vicente |
| Description conventions | RCAA27 |
| 041 ## - LANGUAGE CODE | |
| Language code of text/sound track or separate title | spa |
| 082 ## - DEWEY DECIMAL CLASSIFICATION NUMBER | |
| Classification number | 341.481 |
| Item number | L961l |
| año de publicación | 2019 |
| 100 ## - MAIN ENTRY--PERSONAL NAME | |
| Personal name | Luna, Oscar Humberto |
| Relator code | aut. |
| 245 #0 - TITLE STATEMENT | |
| Title | El libro de los derechos humanos: |
| Remainder of title | (Manual basico) Doctrina, jurisprudencia y reflexiones. Tomo I/ |
| Statement of responsibility, etc | Oscar Humberto Luna |
| 260 ## - PUBLICATION, DISTRIBUTION, ETC. (IMPRINT) | |
| Place of publication, distribution, etc | el Salvador: |
| Name of publisher, distributor, etc | Panamericana, |
| Date of publication, distribution, etc | 2019 |
| 300 ## - PHYSICAL DESCRIPTION | |
| Extent | 802 p.; |
| Dimensions | 23 cm. |
| Size of unit | Tomo I |
| 505 ## - FORMATTED CONTENTS NOTE | |
| Formatted contents note | Primera parte: Aspectos generales y fundamentales de los derecho humanos<br/>Segunda parte:Internacionalizacion de los derechos humanos<br/> |
| 650 ## - SUBJECT ADDED ENTRY--TOPICAL TERM | |
| Source of heading or term | LEMB |
| Topical term or geographic name as entry element | Derechos humanos |
| Form subdivision | Manual |
| Geographic subdivision | El Salvador |
| 942 ## - ADDED ENTRY ELEMENTS (KOHA) | |
| Koha item type | Libros |
| Source of classification or shelving scheme | Dewey Decimal Classification |
| Withdrawn status | Lost status | Source of classification or shelving scheme | Damaged status | Not for loan | Collection code | Home library | Current library | Date acquired | Total Checkouts | Full call number | Barcode | Date last seen | Copy number | Price effective from | Koha item type |
|---|---|---|---|---|---|---|---|---|---|---|---|---|---|---|---|
| Dewey Decimal Classification | Referencia | Biblioteca UPAN San Vicente | Biblioteca UPAN San Vicente | 28/10/2023 | 341.481 L961l | 12004369 | 28/10/2023 | 01 | 28/10/2023 | Libros | |||||
| Dewey Decimal Classification | Referencia | Biblioteca UPAN San Vicente | Biblioteca UPAN San Vicente | 29/10/2023 | 341.481 L961l | 12004368 | 29/10/2023 | 02 | 29/10/2023 | Libros |